Đối thoại với con : Lớn lên từ đổ vỡ
Cuốn sách này giải thích lý do tại sao, giúp bạn hiểu được điều gì đã xảy ra khi cha mẹ bạn ly hôn và ảnh hưởng đến tâm lý của bạn như thế nào. Nó cũng giúp bạn nhận ra bạn đang sống trong môi trường gia đình nào, hiểu biết hơn về hoàn cả...
Shranjeno v:
| Drugi avtorji: | |
|---|---|
| Format: | Knjiga |
| Jezik: | Vietnamese |
| Izdano: |
H.
Phụ nữ
2007
|
| Teme: | |
| Oznake: |
Označite
Brez oznak, prvi označite!
|
| Thư viện lưu trữ: | Thư viện Trường Đại học Nam Cần Thơ |
|---|
| LEADER | 01735nam a22002417a 4500 | ||
|---|---|---|---|
| 001 | NCT_71181 | ||
| 008 | 190927b xxu||||| |||| 00| 0 vie d | ||
| 999 | |c 3464 |d 3464 | ||
| 020 | |c 30000 | ||
| 082 | 0 | 4 | |2 23rd ed. |a 306.8 |b Tr312 |
| 245 | 1 | 0 | |a Đối thoại với con : |b Lớn lên từ đổ vỡ |c Liêm Trinh (biên soạn) |
| 260 | |a H. |b Phụ nữ |c 2007 | ||
| 300 | |a 277 tr. |c 21cm | ||
| 520 | 3 | |a Cuốn sách này giải thích lý do tại sao, giúp bạn hiểu được điều gì đã xảy ra khi cha mẹ bạn ly hôn và ảnh hưởng đến tâm lý của bạn như thế nào. Nó cũng giúp bạn nhận ra bạn đang sống trong môi trường gia đình nào, hiểu biết hơn về hoàn cảnh và hướng dẫn bạn làm sao cải thiện tốt hơn. | |
| 653 | |a Sách tham khảo | ||
| 700 | 0 | |a Liêm Trinh |e Biên soạn | |
| 942 | |2 ddc |c BK | ||
| 952 | |0 0 |1 0 |2 ddc |4 0 |6 306_800000000000000_TR312 |7 0 |9 18041 |a 000001 |b 000001 |d 2019-09-27 |o 306.8 Tr312 |p TK.01732 |r 2019-09-27 |w 2019-09-27 |y BK | ||
| 952 | |0 0 |1 0 |2 ddc |4 0 |6 306_800000000000000_TR312 |7 0 |9 18042 |a 000001 |b 000001 |d 2019-09-27 |o 306.8 Tr312 |p TK.01733 |r 2019-09-27 |w 2019-09-27 |y BK | ||
| 952 | |0 0 |1 0 |2 ddc |4 0 |6 306_800000000000000_TR312 |7 0 |9 18043 |a 000001 |b 000001 |d 2019-09-27 |o 306.8 Tr312 |p TK.01734 |r 2019-09-27 |w 2019-09-27 |y BK | ||
| 952 | |0 0 |1 0 |2 ddc |4 0 |6 306_800000000000000_TR312 |7 0 |9 18044 |a 000001 |b 000001 |d 2019-09-27 |o 306.8 Tr312 |p TK.01735 |r 2019-09-27 |w 2019-09-27 |y BK | ||
| 952 | |0 0 |1 0 |2 ddc |4 0 |6 306_800000000000000_TR312 |7 0 |9 18045 |a 000001 |b 000001 |d 2019-09-27 |o 306.8 Tr312 |p TK.01736 |r 2019-09-27 |w 2019-09-27 |y BK | ||
| 980 | |a Thư viện Trường Đại học Nam Cần Thơ | ||